[Event "GS Open"]
[Site "Riga, Latvia"]
[Date "2021.11.06"]
[Round "10.47"]
[White "Gretarsson Hjorvar Steinn  (ISL)"]
[Black "Kovalev Vladislav  (FID)"]
[Result "1/2-1/2"]
[WhiteElo "2577"]
[BlackElo "2634"]

1. d4 {[%clk 01:40:57]} {[%emt 00:00:03]} Nf6 {[%clk 01:40:56]} {[%emt
00:00:04]} 2. c4 {[%clk 01:41:19]} {[%emt 00:00:08]} e6 {[%clk 01:41:11]}
{[%emt 00:00:16]} 3. Nc3 {[%clk 01:40:28]} {[%emt 00:01:20]} Bb4 {[%clk
01:41:35]} {[%emt 00:00:06]} 4. Qc2 {[%clk 01:38:52]} {[%emt 00:02:05]} b6
{[%clk 01:41:34]} {[%emt 00:00:32]} 5. e4 {[%clk 01:35:00]} {[%emt 00:04:22]}
c5 {[%clk 01:41:47]} {[%emt 00:00:17]} 6. d5 {[%clk 01:34:57]} {[%emt
00:00:32]} Qe7 {[%clk 01:42:03]} {[%emt 00:00:15]} 7. Nge2 {[%clk 01:31:43]}
{[%emt 00:03:44]} exd5 {[%clk 01:41:38]} {[%emt 00:00:55]} 8. exd5 {[%clk
01:32:03]} {[%emt 00:00:09]} O-O {[%clk 01:41:28]} {[%emt 00:00:40]} 9. Bd2
{[%clk 01:25:38]} {[%emt 00:06:54]} d6 {[%clk 01:40:11]} {[%emt 00:01:48]} 10.
O-O-O {[%clk 01:21:43]} {[%emt 00:04:25]} Ng4 {[%clk 01:39:05]} {[%emt
00:01:36]} 11. Be1 {[%clk 01:21:14]} {[%emt 00:00:59]} Qg5+ {[%clk 01:34:36]}
{[%emt 00:05:00]} 12. Qd2 {[%clk 01:17:44]} {[%emt 00:04:00]} Qxd2+ {[%clk
01:34:22]} {[%emt 00:00:43]} 13. Kxd2 {[%clk 01:14:39]} {[%emt 00:03:35]} a6
{[%clk 01:28:36]} {[%emt 00:06:16]} 14. a3 {[%clk 00:51:19]} {[%emt 00:23:50]}
Ba5 {[%clk 01:27:20]} {[%emt 00:01:46]} 15. Nc1 {[%clk 00:42:13]} {[%emt
00:09:37]} Nf6 {[%clk 01:16:27]} {[%emt 00:11:22]} 16. f3 {[%clk 00:37:18]}
{[%emt 00:05:25]} Nbd7 {[%clk 01:05:18]} {[%emt 00:11:39]} 17. Nb3 {[%clk
00:23:40]} {[%emt 00:14:09]} Bxc3+ {[%clk 01:05:14]} {[%emt 00:00:33]} 18. Kxc3
{[%clk 00:24:04]} {[%emt 00:00:06]} Re8 {[%clk 01:05:28]} {[%emt 00:00:16]} 19.
Bh4 {[%clk 00:18:15]} {[%emt 00:06:19]} Nh5 {[%clk 01:01:12]} {[%emt 00:04:46]}
20. Re1 {[%clk 00:12:34]} {[%emt 00:06:11]} Rxe1 {[%clk 00:59:45]} {[%emt
00:01:58]} 21. Bxe1 {[%clk 00:13:02]} {[%emt 00:00:02]} Ne5 {[%clk 00:59:55]}
{[%emt 00:00:19]} 22. Bh4 {[%clk 00:09:53]} {[%emt 00:03:39]} f6 {[%clk
00:58:29]} {[%emt 00:01:56]} 23. Nd2 {[%clk 00:09:20]} {[%emt 00:01:03]} g5
{[%clk 00:58:43]} {[%emt 00:00:16]} 24. Bf2 {[%clk 00:09:16]} {[%emt 00:00:33]}
f5 {[%clk 00:58:58]} {[%emt 00:00:16]} 25. g3 {[%clk 00:07:50]} {[%emt
00:01:57]} a5 {[%clk 00:54:30]} {[%emt 00:04:58]} 26. Be2 {[%clk 00:05:41]}
{[%emt 00:02:38]} Nf6 {[%clk 00:54:55]} {[%emt 00:00:05]} 27. Be3 {[%clk
00:04:52]} {[%emt 00:01:19]} Nf7 {[%clk 00:55:11]} {[%emt 00:00:14]} 28. h4
{[%clk 00:04:29]} {[%emt 00:00:54]} h6 {[%clk 00:55:05]} {[%emt 00:00:35]} 29.
hxg5 {[%clk 00:03:53]} {[%emt 00:01:07]} hxg5 {[%clk 00:55:30]} {[%emt
00:00:04]} 30. Kc2 {[%clk 00:01:47]} {[%emt 00:02:37]} Bd7 {[%clk 00:55:33]}
{[%emt 00:00:26]} 31. Nb1 {[%clk 00:01:30]} {[%emt 00:00:47]} Kg7 {[%clk
00:47:53]} {[%emt 00:08:10]} 32. Nc3 {[%clk 00:01:46]} {[%emt 00:00:15]} Kg6
{[%clk 00:47:33]} {[%emt 00:00:49]} 33. Kd2 {[%clk 00:01:48]} {[%emt 00:00:29]}
Ra7 {[%clk 00:46:10]} {[%emt 00:01:52]} 34. f4 {[%clk 00:01:35]} {[%emt
00:00:43]} g4 {[%clk 00:44:56]} {[%emt 00:01:44]} 35. Bd3 {[%clk 00:01:58]}
{[%emt 00:00:07]} Ra8 {[%clk 00:45:12]} {[%emt 00:00:15]} 36. Bf2 {[%clk
00:01:51]} {[%emt 00:00:37]} Re8 {[%clk 00:45:18]} {[%emt 00:00:23]} 37. Kc2
{[%clk 00:01:13]} {[%emt 00:01:09]} Nh6 {[%clk 00:42:22]} {[%emt 00:03:24]} 38.
Re1 {[%clk 00:01:11]} {[%emt 00:00:33]} Rh8 {[%clk 00:40:45]} {[%emt 00:02:07]}
39. Rh1 {[%clk 00:01:34]} {[%emt 00:00:08]} Re8 {[%clk 00:41:09]} {[%emt
00:00:05]} 40. Re1 {[%clk 00:01:48]} {[%emt 00:00:15]} Rh8 {[%clk 00:41:34]}
{[%emt 00:00:06]} 41. Kd2 {[%clk 00:38:51]} {[%emt 00:13:27]} Rb8 {[%clk
01:25:17]} {[%emt 00:06:47]} 42. Rb1 {[%clk 00:36:00]} {[%emt 00:03:21]} Ra8
{[%clk 01:22:59]} {[%emt 00:02:47]} 43. b4 {[%clk 00:31:27]} {[%emt 00:05:04]}
axb4 {[%emt 00:00:08]} 44. axb4 {[%clk 00:31:54]} Kf7 {[%clk 01:17:38]} {[%emt
00:06:15]} 45. Bc2 {[%clk 00:27:01]} {[%emt 00:05:22]} Ne4+ {[%clk 01:03:58]}
{[%emt 00:14:11]} 46. Bxe4 {[%clk 00:19:10]} {[%emt 00:08:21]} fxe4 {[%clk
01:04:17]} {[%emt 00:00:11]} 47. bxc5 {[%clk 00:19:10]} {[%emt 00:00:31]} bxc5
{[%clk 01:04:42]} {[%emt 00:00:03]} 48. Rb7 {[%clk 00:18:53]} {[%emt 00:00:47]}
Ke7 {[%clk 01:02:45]} {[%emt 00:02:27]} 49. Nxe4 {[%clk 00:17:35]} {[%emt
00:01:49]} Nf5 {[%clk 01:03:07]} {[%emt 00:00:08]} 50. Bxc5 {[%clk 00:11:22]}
{[%emt 00:06:43]} dxc5 {[%clk 00:56:14]} {[%emt 00:07:23]} 51. Nxc5 {[%clk
00:11:45]} {[%emt 00:00:07]} Rd8 {[%clk 00:55:53]} {[%emt 00:00:51]} 52. Ne4
{[%clk 00:09:47]} {[%emt 00:02:28]} Kf8 {[%clk 00:55:25]} {[%emt 00:00:57]} 53.
Kc3 {[%clk 00:07:00]} {[%emt 00:03:17]} Be8 {[%clk 00:54:27]} {[%emt 00:01:29]}
54. Rb6 {[%clk 00:03:19]} {[%emt 00:04:11]} Kg7 {[%clk 00:52:56]} {[%emt
00:02:00]} 55. Rb7+ {[%clk 00:01:36]} {[%emt 00:02:14]} Kg6 {[%clk 00:52:42]}
{[%emt 00:00:44]} 56. Rb6+ {[%clk 00:01:53]} {[%emt 00:00:13]} Kg7 {[%clk
00:53:07]} {[%emt 00:00:04]} 57. Re6 {[%clk 00:01:35]} {[%emt 00:00:47]} Bf7
{[%clk 00:51:12]} {[%emt 00:02:26]} 58. Re5 {[%clk 00:01:53]} {[%emt 00:00:13]}
Kg6 {[%clk 00:50:51]} {[%emt 00:00:50]} 59. Nf2 {[%clk 00:01:31]} {[%emt
00:00:53]} Nxg3 {[%clk 00:50:31]} {[%emt 00:00:50]} 60. Nxg4 {[%clk 00:01:07]}
{[%emt 00:00:54]} Nf5 {[%clk 00:49:36]} {[%emt 00:01:25]} 61. Nf2 {[%clk
00:00:47]} {[%emt 00:00:50]} Rc8 {[%clk 00:46:17]} {[%emt 00:03:48]} 62. Ng4
{[%clk 00:08:35]} {[%emt 00:07:42]} Rc7 {[%clk 00:50:17]} {[%emt 00:11:30]} 63.
Kd3 {[%clk 00:06:37]} {[%emt 00:02:28]} Ra7 {[%clk 00:50:05]} {[%emt 00:00:42]}
64. c5 {[%clk 00:04:58]} {[%emt 00:02:10]} Ra3+ {[%clk 00:35:26]} {[%emt
00:15:09]} 65. Kd2 {[%clk 00:02:47]} {[%emt 00:02:41]} Ra2+ {[%clk 00:29:45]}
{[%emt 00:06:11]} 66. Kc3 {[%clk 00:02:40]} {[%emt 00:00:37]} Ra3+ {[%clk
00:27:49]} {[%emt 00:02:26]} 67. Kb2 {[%clk 00:00:35]} {[%emt 00:02:35]} Rd3
{[%clk 00:26:53]} {[%emt 00:01:26]} 68. d6 {[%clk 00:00:49]} {[%emt 00:00:16]}
Nxd6 {[%clk 00:26:38]} {[%emt 00:00:44]} 69. Kc2 {[%clk 00:00:43]} {[%emt
00:00:36]} Rd4 {[%clk 00:26:21]} {[%emt 00:00:47]} 70. cxd6 {[%clk 00:01:01]}
{[%emt 00:00:13]} Rxd6 {[%clk 00:25:42]} {[%emt 00:01:09]} 71. Rg5+ {[%clk
00:00:51]} {[%emt 00:00:39]} Kh7 {[%clk 00:26:10]} {[%emt 00:00:02]} 72. Kc3
{[%clk 00:00:42]} {[%emt 00:00:40]} Rg6 {[%clk 00:25:57]} {[%emt 00:00:42]} 73.
Rh5+ {[%clk 00:01:09]} {[%emt 00:00:03]} Kg7 {[%clk 00:26:21]} {[%emt
00:00:06]} 74. Rh4 {[%clk 00:01:36]} {[%emt 00:00:03]} Be6 {[%clk 00:25:58]}
{[%emt 00:00:53]} 75. Ne3 {[%clk 00:01:03]} {[%emt 00:01:03]} Rh6 {[%clk
00:26:00]} {[%emt 00:00:28]} 76. Rxh6 {[%clk 00:01:27]} {[%emt 00:00:07]} Kxh6
{[%clk 00:26:26]} {[%emt 00:00:03]} 77. f5 {[%clk 00:01:47]} {[%emt 00:00:10]}
Bxf5 {[%clk 00:26:52]} {[%emt 00:00:04]} 78. Nxf5+ {[%emt 00:00:04]} 1/2-1/2